South African Human Rights Yearbook

Detalles Bibliográficos
Formato: eBook
Lenguaje:inglés
Publicado: Pretoria: Sabinet African Journals, 1997 -
Materias:
Acceso en línea:Acceso restringido

MARC

LEADER 00000nam a22000007a 4500
005 20211125202235.0
007 cr|||| ||||
008 211125c19979999za ar|w s|||| 0|||b1eng d
022 |a 1354-3903 
035 |a 33746 
040 |a vLex 
090 |c 12687  |d 12687 
245 0 0 |a South African Human Rights Yearbook  |h [Recurso electrn̤ico] / 
256 |a Servicio en ln̕ea 
260 |a Pretoria:  |b Sabinet African Journals,  |c 1997 - 
300 |a 1 recurso electrn̤ico 
310 |a Anual 
500 |a The Centre for Socio-Legal Studies publishes this annual reference book and the Media & Publishing Unit produces, markets and distributes the publication. This review of legal and related developments in specific areas of human rights was first published in 1990. The publication documents the legal, social and political implications of the transition to democracy and the deregulation of apartheid. It details changes in legislation, key legal precedents, and findings of commissions. The yearbook covers developments in the areas of: capital punishment; children's rights; conscription; constitutional developments; detention; education; elections; environment; health; homelands; land; legal representation; local government; policing; prisoners' rights; sexual orientation; and women's rights. 
506 1 |a Disponible solo en los productos indicados  |d vLex Global  |d vLex Global (Academic Edition, excluding Law Schools)  |d vLex Global (U.S. Academic Edition, Law Schools)  |d vLex Global (U.S. Academic Edition, excluding Law Schools)  |d vLex Global (Academic Edition, Law Schools) 
650 0 4 |a Derecho Constitucional  |z Sudf̀rica 
740 0 |a vLex Revistas (Servicio en ln̕ea) 
856 4 0 |u https://app.vlex.com/#/sources/33746  |z Acceso restringido 
942 |c REV 
999 0 |a Constitutional right